000
00313nam a2200145Ia 4500
100
_a
Frenzel
250
_a
1
942
_c
BK
654
_a
Electronics
245
_a
Communication Electronics
260
_b
Tata Mc Graw hill
_a
New Delhi
_c
2002
082
_a
621.382
_b
FRE
300
_a
532 0
546
_a
ENGLISH
999
_c
33663
_d
33663